| 000 | 00755cam a2200181 i 4500 | ||
|---|---|---|---|
| 020 | _a0309025850 : | ||
| 082 | 0 | 0 |
_a380.5/08 s _a388.4 _bNAT _cD |
| 110 | 2 |
_aNational Research Council (U.S.). _920017 |
|
| 245 | 1 | 0 | _aPassenger travel demand forecasting. |
| 260 |
_aWashington : _bTransportation Research Board, Commission on Sociotechnical Systems, National Research Council, National Academy of Sciences, _c1976. |
||
| 300 |
_aiii, 52 p. : _bill. ; _c28 cm. |
||
| 526 |
_a0 _b0 _c0 _d380_508000000000000_S_NAT |
||
| 650 | 0 |
_aChoice of transportation _xMathematical models _xCongresses. _938748 |
|
| 650 | 0 |
_aNUST _96342 |
|
| 650 | 0 |
_aTraffic estimation _xCongresses. _938749 |
|
| 650 | 0 |
_aTransportation _xPassenger traffic _xCongresses. _938750 |
|
| 942 |
_2ddc _cBK |
||
| 999 |
_c543385 _d543385 |
||